[Event "69th RUS-ch Women Higher League 2019"]
[Site "Yaroslavl"]
[Date "2019.07.03"]
[Round "6.21"]
[White "Loskutova, Viktoriya"]
[Black "Ovod, Evgenija"]
[Result "1/2-1/2"]
[WhiteElo "2019"]
[BlackElo "2361"]
[Annotator "TA"]
[PlyCount "89"]
[EventDate "2019.06.27"]
[EventType "swiss"]
[EventCountry "RUS"]
[SourceTitle "playchess.com"]
[Source "ChessBase"]
[SourceQuality "1"]

{[%evp 25,89,29,29,29,43,-19,66,27,64,20,50,0,33,0,0,-19,48,14,84,26,14,14,58,54,58,58,56,51,68,61,89,93,85,91,96,91,76,27,83,38,41,34,43,36,41,33,44,43,45,0,0,0,0,0,0,0,0,0,0,0,4,1,4,0,15,0]} 1. e4 e6 2. d4 d5 3. Nd2 c5 4. exd5 Qxd5 5. Ngf3 cxd4 6. Bc4 Qd6 7. O-O Nf6 8. Nb3 Nc6 9. Nbxd4 Nxd4 10. Nxd4 a6 11. Re1 Be7 12. c3 O-O 13. Qf3 Qc7 14. Bd3 {C07: French Tarrasch: 3...c5, 4 Ngf3 and 4 exd5 Qxd5} Bd6 (14... Nd5 15. Qe4 g6 16. Bh6 Re8 17. Rad1 Bd7 18. Nf3 Nf6 19. Qe5 Rec8 20. Bg5 Qxe5 21. Nxe5 Ba4 {½-½ (58) Baiocchi,G (2450)-Laurenc,P (2415) ICCF email 2014}) 15. h3 (15. Bg5 $14 Bxh2+ 16. Kf1) 15... Nd7 (15... b5 $11) 16. Bc2 {White is slightly better.} Ne5 17. Qe4 $146 {[%csl Gc2][%cal Re4h7] [#]} ({Predecessor:} 17. Qh5 Ng6 18. Be3 Bd7 19. Nf3 Be7 20. a4 Bc6 21. a5 Rac8 {0-1 (70) Cortese,D (1629)-Long,J (2250) IECG email 1997}) 17... Ng6 $1 18. Qf3 Bd7 19. a4 Rae8 20. a5 Ne5 ({Black should play} 20... f5 $11) 21. Qe2 Nc6 (21... Ng6 $11) 22. Nxc6 (22. Qd3 $16 {[%csl Gc2][%cal Rd3h7]} f5 23. Nf3) 22... Bxc6 $11 23. Be3 e5 24. Bb6 Qe7 25. Be4 $36 {[%mdl 2048] White has the initiative.} Bxe4 26. Qxe4 f5 27. Qd5+ Kh8 28. Rad1 Rf6 29. c4 {[#] Hoping for c5.} Re6 30. c5 Bb8 31. Qd7 (31. Re3 {with more complications.} e4 32. Qxf5 Rf8 33. Qg4 Bf4 34. Ree1) 31... Kg8 (31... e4 $11) 32. Qxe7 (32. Qa4 {is interesting.} e4 33. Rd7 Qg5 34. Rxb7 e3 35. Kh1) 32... R6xe7 33. Rd5 g6 34. Red1 e4 35. Bd8 Rf7 36. Bg5 {Strongly threatening Rd8.} Be5 37. Rd7 Bxb2 {The position is equal.} 38. Rxf7 Kxf7 {[%mdl 4096] Endgame KRB-KRB} 39. Rd7+ Ke6 40. Rxb7 Bc3 41. Rb6+ Kd5 42. Rxa6 Kxc5 43. Ra7 Kb5 44. a6 Be5 45. Rxh7 {Accuracy: White = 43%, Black = 42%.} 1/2-1/2

[Event "69th RUS-ch Women Higher League 2019"]
[Site "Yaroslavl"]
[Date "2019.07.03"]
[Round "6.22"]
[White "Schepetkova, Margarita"]
[Black "Faizutdinova, Diana"]
[Result "1/2-1/2"]
[WhiteElo "2241"]
[BlackElo "2061"]
[Annotator "NA"]
[PlyCount "120"]
[EventDate "2019.06.27"]
[EventType "swiss"]
[EventCountry "RUS"]
[SourceTitle "playchess.com"]
[Source "ChessBase"]
[SourceQuality "1"]
[TimeControl "40/5400+30:1800+30"]

1. d4 {[%emt 0:00:00]} Nf6 {[%emt 0:00:00]} 2. c4 {[%emt 0:00:00]} d6 {[%emt 0:00:00]} 3. g3 {[%emt 0:00:00]} c6 {[%emt 0:00:19]} 4. Bg2 {[%emt 0:00:20]} e5 {[%emt 0:03:30]} 5. dxe5 {[%emt 0:02:55]} dxe5 {[%emt 0:00:08]} 6. Qxd8+ {[%emt 0:00:42]} Kxd8 {[%emt 0:00:03]} 7. Nf3 {[%emt 0:00:55]} Bd6 {[%emt 0:02:49]} 8. Nc3 {[%emt 0:03:44]} Be6 {[%emt 0:01:28]} 9. b3 {[%emt 0:00:09]} h6 {[%emt 0:04:34]} 10. O-O {[%emt 0:02:03]} Nbd7 {[%emt 0:03:41]} 11. Bb2 {[%emt 0:00:32]} Ke7 {[%emt 0:10:22]} 12. Nd2 {[%emt 0:03:29]} Rhd8 {[%emt 0:11:10]} 13. Nde4 {[%emt 0:00:56]} Bb4 {[%emt 0:01:45]} 14. Rac1 {[%emt 0:06:25]} Nxe4 {[%emt 0:14:56]} 15. Nxe4 {[%emt 0:00:05]} f5 {[%emt 0:01:00]} 16. Nc3 {[%emt 0:00:16]} a5 {[%emt 0:01:06]} 17. Rc2 {[%emt 0:03:08]} Rac8 {[%emt 0:07:30]} 18. Na4 {[%emt 0:00:41]} b5 {[%emt 0:01:50]} 19. cxb5 {[%emt 0:03:55]} cxb5 {[%emt 0:00:03]} 20. Nc3 {[%emt 0:00:05]} e4 {[%emt 0:11:48]} 21. Rfc1 {[%emt 0:01:05]} Rb8 {[%emt 0:00:14]} 22. Nd1 {[%emt 0:02:49]} g6 {[%emt 0:01:34]} 23. f3 {[%emt 0:00:39]} Bc5+ {[%emt 0:03:56]} 24. Kf1 {[%emt 0:01:26]} exf3 {[%emt 0:00:04]} 25. Bxf3 {[%emt 0:00:05]} b4 {[%emt 0:01:31]} 26. Bg7 {[%emt 0:04:19]} h5 {[%emt 0:00:26]} 27. Bh6 {[%emt 0:00:18]} Bd4 {[%emt 0:01:46]} 28. Nb2 {[%emt 0:01:16]} Nf6 {[%emt 0:02:27]} 29. Na4 {[%emt 0:02:15]} Rbc8 {[%emt 0:01:46]} 30. Bf4 {[%emt 0:05:00]} Rxc2 {[%emt 0:02:28]} 31. Rxc2 {[%emt 0:00:01]} Nd5 {[%emt 0:00:45]} 32. Bg5+ {[%emt 0:01:25]} Bf6 {[%emt 0:00:06]} 33. Bxd5 {[%emt 0:03:19]} Bxg5 {[%emt 0:02:59]} 34. Bxe6 {[%emt 0:00:17]} Rd1+ {[%emt 0:00:26]} 35. Kf2 {[%emt 0:00:08]} Kxe6 {[%emt 0:00:02]} 36. Nc5+ {[%emt 0:02:21]} Kd5 {[%emt 0:05:22]} 37. Nd3 {[%emt 0:00:16]} Kd6 {[%emt 0:00:28]} 38. Rc8 {[%emt 0:00:58]} Ra1 {[%emt 0:01:57]} 39. Rg8 {[%emt 0:00:17]} Kd5 {[%emt 0:02:00]} 40. Rxg6 {[%emt 0:00:00]} Bd2 {[%emt 0:00:00]} 41. Nb2 {[%emt 0:06:30]} Rxa2 {[%emt 0:04:34]} 42. Nc4 {[%emt 0:00:08]} a4 {[%emt 0:05:16]} 43. Nb6+ {[%emt 0:05:48]} Kc5 {[%emt 0:05:39]} 44. Nxa4+ {[%emt 0:00:31]} Rxa4 {[%emt 0:09:03]} 45. bxa4 {[%emt 0:00:02]} b3 {[%emt 0:00:04]} 46. Rg8 {[%emt 0:00:02]} b2 {[%emt 0:00:04]} 47. Rc8+ {[%emt 0:00:04]} Kb4 {[%emt 0:00:24]} 48. Rb8+ {[%emt 0:01:46]} Ka3 {[%emt 0:00:03]} 49. Rxb2 {[%emt 0:00:36]} Kxb2 {[%emt 0:00:04]} 50. Kf3 {[%emt 0:00:04]} Kb3 {[%emt 0:04:48]} 51. a5 {[%emt 0:00:44]} Bxa5 {[%emt 0:00:07]} 52. Kf4 {[%emt 0:00:02]} Bd8 {[%emt 0:03:36]} 53. Kxf5 {[%emt 0:00:10]} Kc4 {[%emt 0:00:51]} 54. h3 {[%emt 0:05:58]} Kd4 {[%emt 0:00:28]} 55. e4 {[%emt 0:00:08]} Bc7 {[%emt 0:00:32]} 56. g4 {[%emt 0:00:13]} hxg4 {[%emt 0:00:03]} 57. hxg4 {[%emt 0:00:03]} Be5 {[%emt 0:00:10]} 58. g5 {[%emt 0:00:03]} Bh8 {[%emt 0:00:09]} 59. g6 {[%emt 0:00:06]} Bg7 {[%emt 0:00:04]} 60. Ke6 {[%emt 0:00:09]} Kxe4 {[%emt 0:00:05]} 1/2-1/2

[Event "69th RUS-ch Women Higher League 2019"]
[Site "Yaroslavl"]
[Date "2019.07.03"]
[Round "6.23"]
[White "Yakushina, Ekaterina"]
[Black "Shaydullina, Sandugach"]
[Result "1-0"]
[WhiteElo "1783"]
[BlackElo "2128"]
[Annotator "NA"]
[PlyCount "140"]
[EventDate "2019.06.27"]
[EventType "swiss"]
[EventCountry "RUS"]
[SourceTitle "playchess.com"]
[Source "ChessBase"]
[SourceQuality "1"]
[TimeControl "40/5400+30:1800+30"]

1. d4 {[%emt 0:03:09]} d5 {[%emt 0:00:00]} 2. c4 {[%emt 0:00:34]} e6 {[%emt 0:00:00]} 3. Nf3 {[%emt 0:00:22]} Nf6 {[%emt 0:00:00]} 4. g3 {[%emt 0:00:21]} dxc4 {[%emt 0:00:00]} 5. Bg2 {[%emt 0:00:44]} Nc6 {[%emt 0:00:06]} 6. Qa4 {[%emt 0:01:08]} Nd7 {[%emt 0:00:08]} 7. Qxc4 {[%emt 0:12:27]} Nb6 {[%emt 0:00:05]} 8. Qd3 {[%emt 0:00:32]} e5 {[%emt 0:00:08]} 9. Nxe5 {[%emt 0:16:46]} Nb4 {[%emt 0:00:06]} 10. Qb3 {[%emt 0:11:01]} Be6 {[%emt 0:00:18]} 11. Qd1 {[%emt 0:00:17]} Qxd4 {[%emt 0:00:21]} 12. Qxd4 {[%emt 0:01:57]} Nc2+ {[%emt 0:00:06]} 13. Kd1 {[%emt 0:02:10]} Nxd4 {[%emt 0:00:06]} 14. Bxb7 {[%emt 0:00:31]} Rd8 {[%emt 0:00:05]} 15. Bd2 {[%emt 0:04:34]} f6 {[%emt 0:00:09]} 16. Nc6 {[%emt 0:01:49]} Nxc6 {[%emt 0:00:08]} 17. Bxc6+ {[%emt 0:00:04]} Kf7 {[%emt 0:00:03]} 18. Kc2 {[%emt 0:04:04]} Bc5 {[%emt 0:00:14]} 19. e3 {[%emt 0:02:52]} Nc4 {[%emt 0:06:08]} 20. Bc3 {[%emt 0:02:20]} Rd6 {[%emt 0:00:08]} 21. Be4 {[%emt 0:05:28]} Rhd8 {[%emt 0:00:31]} 22. b4 {[%emt 0:06:09]} Bb6 {[%emt 0:00:10]} 23. a4 {[%emt 0:00:19]} a5 {[%emt 0:01:09]} 24. bxa5 {[%emt 0:09:31]} Nxa5 {[%emt 0:02:07]} 25. Nd2 {[%emt 0:01:09]} Rxd2+ {[%emt 0:08:27]} 26. Bxd2 {[%emt 0:01:04]} Nb3 {[%emt 0:00:12]} 27. Bc3 {[%emt 0:05:07]} Nc5 {[%emt 0:03:10]} 28. Bc6 {[%emt 0:01:11]} Bf5+ {[%emt 0:00:42]} 29. Kb2 {[%emt 0:01:21]} Nd3+ {[%emt 0:00:12]} 30. Kb3 {[%emt 0:01:21]} Nxf2 {[%emt 0:00:22]} 31. Rhe1 {[%emt 0:01:15]} Be6+ {[%emt 0:00:43]} 32. Kc2 {[%emt 0:00:47]} Rd6 {[%emt 0:02:11]} 33. Bf3 {[%emt 0:00:18]} Bc4 {[%emt 0:01:20]} 34. a5 {[%emt 0:00:36]} Bc5 {[%emt 0:00:14]} 35. Be2 {[%emt 0:01:02]} Be6 {[%emt 0:00:16]} 36. a6 {[%emt 0:00:45]} Ba7 {[%emt 0:00:10]} 37. Bd4 {[%emt 0:00:43]} c5 {[%emt 0:00:04]} 38. Bc3 {[%emt 0:00:25]} Bf5+ {[%emt 0:00:40]} 39. Kc1 {[%emt 0:00:57]} Ne4 {[%emt 0:00:46]} 40. Bc4+ {[%emt 0:00:00]} Kg6 {[%emt 0:00:00]} 41. Ra3 {[%emt 0:06:55]} Rb6 {[%emt 0:00:38]} 42. Ba5 {[%emt 0:02:10]} Rb8 {[%emt 0:01:43]} 43. Rb3 {[%emt 0:01:01]} Rc8 {[%emt 0:06:47]} 44. Rd1 {[%emt 0:02:49]} Bb8 {[%emt 0:00:50]} 45. Rd8 {[%emt 0:00:58]} Bc7 {[%emt 0:03:03]} 46. Rxc8 {[%emt 0:01:14]} Bxa5 {[%emt 0:00:14]} 47. a7 {[%emt 0:01:39]} Nd6 {[%emt 0:06:48]} 48. a8=Q {[%emt 0:00:35]} Bxc8 {[%emt 0:08:06]} 49. Qxa5 {[%emt 0:00:26]} Nxc4 {[%emt 0:00:04]} 50. Qxc5 {[%emt 0:00:18]} Be6 {[%emt 0:00:03]} 51. Qc6 {[%emt 0:01:10]} Bf7 {[%emt 0:01:11]} 52. Qe4+ {[%emt 0:00:09]} f5 {[%emt 0:02:11]} 53. Qc6+ {[%emt 0:00:13]} Kg5 {[%emt 0:00:05]} 54. Rc3 {[%emt 0:01:20]} Ne5 {[%emt 0:00:24]} 55. Qc7 {[%emt 0:00:38]} Kf6 {[%emt 0:00:05]} 56. Qd6+ {[%emt 0:00:14]} Be6 {[%emt 0:00:30]} 57. Qd4 {[%emt 0:00:43]} Bd5 {[%emt 0:02:49]} 58. Qxd5 {[%emt 0:00:19]} Ng4 {[%emt 0:00:09]} 59. h4 {[%emt 0:00:28]} Kg6 {[%emt 0:00:17]} 60. Rc6+ {[%emt 0:00:09]} Nf6 {[%emt 0:00:04]} 61. h5+ {[%emt 0:02:01]} Kg5 {[%emt 0:00:15]} 62. Rxf6 {[%emt 0:00:11]} Kxf6 {[%emt 0:00:56]} 63. Kd2 {[%emt 0:00:05]} Kg5 {[%emt 0:00:05]} 64. e4 {[%emt 0:00:11]} g6 {[%emt 0:00:08]} 65. hxg6 {[%emt 0:00:04]} hxg6 {[%emt 0:00:03]} 66. exf5 {[%emt 0:00:09]} gxf5 {[%emt 0:00:04]} 67. Qf3 {[%emt 0:00:04]} Kg6 {[%emt 0:00:47]} 68. Ke3 {[%emt 0:00:06]} Kg5 {[%emt 0:00:09]} 69. Qf4+ {[%emt 0:00:04]} Kg6 {[%emt 0:00:17]} 70. Kd4 {[%emt 0:00:04]} Kf6 {[%emt 0:00:13] Ke4} 1-0

[Event "69th RUS-ch Women Higher League 2019"]
[Site "Yaroslavl"]
[Date "2019.07.03"]
[Round "6.24"]
[White "Filippova, Darya"]
[Black "Dzutseva, Lana"]
[Result "1-0"]
[WhiteElo "2174"]
[BlackElo "1325"]
[Annotator "NA"]
[PlyCount "67"]
[EventDate "2019.06.27"]
[EventType "swiss"]
[EventCountry "RUS"]
[SourceTitle "playchess.com"]
[Source "ChessBase"]
[SourceQuality "1"]
[TimeControl "40/5400+30:1800+30"]

1. d4 {[%emt 0:00:00]} d5 {[%emt 0:00:00]} 2. c4 {[%emt 0:00:00]} e6 {[%emt 0:00:00]} 3. Nc3 {[%emt 0:00:00]} Nf6 {[%emt 0:00:00]} 4. Nf3 {[%emt 0:00:16]} c6 {[%emt 0:00:00]} 5. e3 {[%emt 0:00:19]} Nbd7 {[%emt 0:00:00]} 6. Qc2 {[%emt 0:00:17]} Bd6 {[%emt 0:04:12]} 7. g4 {[%emt 0:00:17]} Nxg4 {[%emt 0:04:48]} 8. Rg1 {[%emt 0:00:19]} f5 {[%emt 0:28:25]} 9. h3 {[%emt 0:00:45]} Ngf6 {[%emt 0:00:09]} 10. Rxg7 {[%emt 0:00:44]} Bf8 {[%emt 0:00:40]} 11. Rg1 {[%emt 0:00:59]} Ne4 {[%emt 0:02:20]} 12. c5 {[%emt 0:05:39]} Ndf6 {[%emt 0:08:02]} 13. Ne5 {[%emt 0:00:58]} Qc7 {[%emt 0:08:03]} 14. Nxe4 {[%emt 0:01:25]} Nxe4 {[%emt 0:00:32]} 15. Be2 {[%emt 0:01:34]} Bxc5 {[%emt 0:07:33]} 16. Bd2 {[%emt 0:06:48]} Be7 {[%emt 0:11:39]} 17. Rg7 {[%emt 0:02:21]} Nf6 {[%emt 0:03:08]} 18. O-O-O {[%emt 0:00:48]} Bd7 {[%emt 0:00:45]} 19. Rdg1 {[%emt 0:06:55]} Bd6 {[%emt 0:06:35]} 20. Nxd7 {[%emt 0:04:01]} Nxd7 {[%emt 0:01:20]} 21. Bh5+ {[%emt 0:00:38]} Kd8 {[%emt 0:00:17]} 22. Bf7 {[%emt 0:03:10]} Bf8 {[%emt 0:03:49]} 23. Bxe6 {[%emt 0:00:34]} Bxg7 {[%emt 0:00:35]} 24. Rxg7 {[%emt 0:00:11]} Qd6 {[%emt 0:02:18]} 25. Rxd7+ {[%emt 0:00:10]} Qxd7 {[%emt 0:00:04]} 26. Bxd7 {[%emt 0:00:10]} Kxd7 {[%emt 0:00:02]} 27. Qxf5+ {[%emt 0:00:15]} Kc7 {[%emt 0:00:10]} 28. Ba5+ {[%emt 0:00:23]} b6 {[%emt 0:00:19]} 29. Qf7+ {[%emt 0:00:14]} Kd6 {[%emt 0:00:11]} 30. e4 {[%emt 0:01:28]} dxe4 {[%emt 0:00:35]} 31. Bd2 {[%emt 0:00:08]} c5 {[%emt 0:01:00]} 32. d5 {[%emt 0:00:14]} Ke5 {[%emt 0:00:29]} 33. Bc3+ {[%emt 0:00:15]} Kd6 {[%emt 0:00:12]} 34. Qe6+ {[%emt 0:00:19]} 1-0

[Event "69th RUS-ch Women Higher League 2019"]
[Site "Yaroslavl"]
[Date "2019.07.04"]
[Round "7.1"]
[White "Goltseva, Ekaterina"]
[Black "Tomilova, Elena"]
[Result "0-1"]
[WhiteElo "2304"]
[BlackElo "2289"]
[Annotator "NA"]
[PlyCount "88"]
[EventDate "2019.06.27"]
[EventType "swiss"]
[EventCountry "RUS"]
[SourceTitle "playchess.com"]
[Source "ChessBase"]
[SourceQuality "1"]
[TimeControl "40/5400+30:1800+30"]

1. d4 {[%emt 0:00:00]} Nf6 {[%emt 0:00:00]} 2. c4 {[%emt 0:00:00]} e6 {[%emt 0:00:00]} 3. Nf3 {[%emt 0:00:26]} d5 {[%emt 0:00:02]} 4. cxd5 {[%emt 0:00:28]} exd5 {[%emt 0:00:08]} 5. Nc3 {[%emt 0:00:12]} c6 {[%emt 0:00:19]} 6. Bg5 {[%emt 0:00:21]} Bf5 {[%emt 0:00:31]} 7. Qb3 {[%emt 0:09:12]} Qb6 {[%emt 0:01:16]} 8. Qxb6 {[%emt 0:20:17]} axb6 {[%emt 0:00:09]} 9. Nh4 {[%emt 0:00:46]} Ne4 {[%emt 0:05:55]} 10. Nxf5 {[%emt 0:05:04]} Nxg5 {[%emt 0:00:54]} 11. e3 {[%emt 0:00:45]} g6 {[%emt 0:04:06]} 12. Ng3 {[%emt 0:00:23]} Bb4 {[%emt 0:02:03]} 13. Kd2 {[%emt 0:03:26]} f5 {[%emt 0:02:58]} 14. Bd3 {[%emt 0:08:44]} Nd7 {[%emt 0:02:28]} 15. h4 {[%emt 0:08:57]} Ne4+ {[%emt 0:05:52]} 16. Bxe4 {[%emt 0:01:03]} fxe4 {[%emt 0:01:38]} 17. f3 {[%emt 0:08:46]} exf3 {[%emt 0:11:42]} 18. gxf3 {[%emt 0:00:09]} O-O {[%emt 0:00:21]} 19. Rhf1 {[%emt 0:08:17]} h5 {[%emt 0:04:29]} 20. Nge2 {[%emt 0:03:33]} Kh7 {[%emt 0:04:58]} 21. Nf4 {[%emt 0:00:59]} b5 {[%emt 0:02:13]} 22. Kd3 {[%emt 0:02:57]} Be7 {[%emt 0:05:53]} 23. Rg1 {[%emt 0:01:45]} Rg8 {[%emt 0:00:23]} 24. Rh1 {[%emt 0:01:35]} Nb6 {[%emt 0:01:27]} 25. Nce2 {[%emt 0:03:00]} Ra7 {[%emt 0:06:01]} 26. b3 {[%emt 0:02:13]} Rga8 {[%emt 0:03:57]} 27. Rhg1 {[%emt 0:05:20]} Rxa2 {[%emt 0:02:07]} 28. Rxa2 {[%emt 0:00:36]} Rxa2 {[%emt 0:00:02]} 29. Nxg6 {[%emt 0:01:04]} Bb4 {[%emt 0:00:22]} 30. e4 {[%emt 0:01:03]} Rb2 {[%emt 0:02:05]} 31. Ke3 {[%emt 0:02:35]} Rxb3+ {[%emt 0:02:46]} 32. Kf2 {[%emt 0:00:11]} Nc4 {[%emt 0:01:23]} 33. Nef4 {[%emt 0:01:35]} dxe4 {[%emt 0:03:46]} 34. fxe4 {[%emt 0:00:18]} Nd2 {[%emt 0:01:32]} 35. e5 {[%emt 0:00:33]} Nf3 {[%emt 0:04:41]} 36. Rg2 {[%emt 0:00:45]} Nxd4 {[%emt 0:00:58]} 37. Rg5 {[%emt 0:00:27]} Rf3+ {[%emt 0:07:11]} 38. Kg2 {[%emt 0:00:31]} Be7 {[%emt 0:00:35]} 39. Rxh5+ {[%emt 0:00:34]} Kg7 {[%emt 0:00:09]} 40. Kh2 {[%emt 0:00:00]} b4 {[%emt 0:00:00]} 41. Nxe7 {[%emt 0:12:49]} Rxf4 {[%emt 0:02:53]} 42. Kg3 {[%emt 0:01:37]} Ne2+ {[%emt 0:01:38]} 43. Kg2 {[%emt 0:00:15]} b3 {[%emt 0:01:04]} 44. Nf5+ {[%emt 0:01:30]} Rxf5 {[%emt 0:01:15]} 0-1

[Event "69th RUS-ch Women Higher League 2019"]
[Site "Yaroslavl"]
[Date "2019.07.04"]
[Round "7.2"]
[White "Shafigullina, Zarina"]
[Black "Charochkina, Daria"]
[Result "1-0"]
[WhiteElo "2240"]
[BlackElo "2338"]
[Annotator "NA"]
[PlyCount "171"]
[EventDate "2019.06.27"]
[EventType "swiss"]
[EventCountry "RUS"]
[SourceTitle "playchess.com"]
[Source "ChessBase"]
[SourceQuality "1"]
[TimeControl "40/5400+30:1800+30"]

1. Nf3 {[%emt 0:00:00]} Nf6 {[%emt 0:00:00]} 2. g3 {[%emt 0:00:00]} g6 {[%emt 0:00:00]} 3. Bg2 {[%emt 0:00:00]} Bg7 {[%emt 0:00:01]} 4. O-O {[%emt 0:00:16]} O-O {[%emt 0:00:28]} 5. d4 {[%emt 0:00:05]} d5 {[%emt 0:00:06]} 6. c4 {[%emt 0:00:04]} c6 {[%emt 0:00:03]} 7. Qb3 {[%emt 0:02:04]} a5 {[%emt 0:00:09]} 8. c5 {[%emt 0:03:29]} Nfd7 {[%emt 0:09:55]} 9. Nc3 {[%emt 0:07:47]} b6 {[%emt 0:09:17]} 10. cxb6 {[%emt 0:00:23]} Nxb6 {[%emt 0:00:25]} 11. Bf4 {[%emt 0:01:36]} N8d7 {[%emt 0:03:04]} 12. e4 {[%emt 0:07:00]} Ba6 {[%emt 0:00:31]} 13. Rfd1 {[%emt 0:02:04]} e6 {[%emt 0:04:34]} 14. Qc2 {[%emt 0:02:51]} h6 {[%emt 0:05:08]} 15. h4 {[%emt 0:00:10]} Qe7 {[%emt 0:00:15]} 16. Qc1 {[%emt 0:05:19]} Kh7 {[%emt 0:01:59]} 17. Nh2 {[%emt 0:00:30]} Rac8 {[%emt 0:09:52]} 18. h5 {[%emt 0:23:20]} g5 {[%emt 0:01:07]} 19. Be3 {[%emt 0:00:23]} f5 {[%emt 0:02:05]} 20. exf5 {[%emt 0:02:27]} exf5 {[%emt 0:00:07]} 21. Nf3 {[%emt 0:06:16]} Qf6 {[%emt 0:11:55]} 22. g4 {[%emt 0:10:35]} f4 {[%emt 0:03:40]} 23. Qc2+ {[%emt 0:00:18]} Kh8 {[%emt 0:01:27]} 24. Bd2 {[%emt 0:00:51]} Qe6 {[%emt 0:11:06]} 25. Bh3 {[%emt 0:00:55]} c5 {[%emt 0:01:51]} 26. Be1 {[%emt 0:05:11]} c4 {[%emt 0:06:50]} 27. Bd2 {[%emt 0:02:10]} Rce8 {[%emt 0:00:43]} 28. Re1 {[%emt 0:00:16]} Qc6 {[%emt 0:01:18]} 29. Ne2 {[%emt 0:07:11]} Qa4 {[%emt 0:04:35]} 30. Qg6 {[%emt 0:00:16]} Nf6 {[%emt 0:07:14]} 31. Ne5 {[%emt 0:01:14]} c3 {[%emt 0:00:50]} 32. Nxc3 {[%emt 0:05:31]} Qxd4 {[%emt 0:00:03]} 33. Nf7+ {[%emt 0:00:11]} Rxf7 {[%emt 0:00:04]} 34. Rxe8+ {[%emt 0:00:27]} Nxe8 {[%emt 0:00:18]} 35. Qxf7 {[%emt 0:00:10]} Nd6 {[%emt 0:01:25]} 36. Qa7 {[%emt 0:02:31]} Nbc4 {[%emt 0:01:08]} 37. Qxa6 {[%emt 0:03:26]} Qxd2 {[%emt 0:00:04]} 38. Qa8+ {[%emt 0:00:09]} Kh7 {[%emt 0:00:07]} 39. Qxd5 {[%emt 0:00:47]} Bxc3 {[%emt 0:01:57]} 40. Qxd2 {[%emt 0:00:00]} Bxd2 {[%emt 0:00:00]} 41. Rd1 {[%emt 0:03:08]} Bb4 {[%emt 0:04:15]} 42. b3 {[%emt 0:02:04]} Nb6 {[%emt 0:05:28]} 43. Bg2 {[%emt 0:00:11]} Nd7 {[%emt 0:01:39]} 44. Bd5 {[%emt 0:01:01]} Nf6 {[%emt 0:04:30]} 45. Be6 {[%emt 0:00:36]} Nfe4 {[%emt 0:00:57]} 46. Kg2 {[%emt 0:02:01]} Kg7 {[%emt 0:00:42]} 47. Rc1 {[%emt 0:00:26]} Kf6 {[%emt 0:00:22]} 48. Bd7 {[%emt 0:00:48]} Nc5 {[%emt 0:02:52]} 49. Bc6 {[%emt 0:00:11]} Nd3 {[%emt 0:00:16]} 50. Rd1 {[%emt 0:00:46]} Ne5 {[%emt 0:00:05]} 51. Bf3 {[%emt 0:00:06]} Nxf3 {[%emt 0:05:15]} 52. Kxf3 {[%emt 0:00:05]} Ke6 {[%emt 0:02:41]} 53. Ke2 {[%emt 0:01:42]} Nf7 {[%emt 0:01:31]} 54. f3 {[%emt 0:01:12]} Bc5 {[%emt 0:00:21]} 55. Kd3 {[%emt 0:01:17]} Kd5 {[%emt 0:00:08]} 56. Ke2+ {[%emt 0:03:34]} Kc6 {[%emt 0:00:48]} 57. Rd2 {[%emt 0:02:02]} Nd6 {[%emt 0:01:23]} 58. Kd3 {[%emt 0:00:11]} Kd5 {[%emt 0:01:41]} 59. Re2 {[%emt 0:02:37]} Be3 {[%emt 0:00:14]} 60. Rc2 {[%emt 0:01:47]} Bc5 {[%emt 0:00:09]} 61. Re2 {[%emt 0:04:07]} Be3 {[%emt 0:00:08]} 62. a3 {[%emt 0:00:49]} Nf7 {[%emt 0:00:48]} 63. Re1 {[%emt 0:01:43]} Ne5+ {[%emt 0:00:10]} 64. Ke2 {[%emt 0:00:07]} Nc6 {[%emt 0:00:23]} 65. Rd1+ {[%emt 0:02:13]} Nd4+ {[%emt 0:00:04]} 66. Kf1 {[%emt 0:00:06]} Kc5 {[%emt 0:00:24]} 67. Kg2 {[%emt 0:00:08]} Kc6 {[%emt 0:03:16]} 68. Rd3 {[%emt 0:00:14]} Ne6 {[%emt 0:00:34]} 69. Rc3+ {[%emt 0:00:30]} Kb7 {[%emt 0:00:04]} 70. Rc4 {[%emt 0:02:39]} Nd4 {[%emt 0:01:03]} 71. Rc5 {[%emt 0:02:02]} Kb6 {[%emt 0:00:44]} 72. Rc8 {[%emt 0:00:36]} Kb5 {[%emt 0:01:44]} 73. Rb8+ {[%emt 0:00:22]} Ka6 {[%emt 0:02:21]} 74. Rh8 {[%emt 0:02:45]} Nc2 {[%emt 0:00:02]} 75. Rxh6+ {[%emt 0:01:53]} Kb5 {[%emt 0:00:04]} 76. Rd6 {[%emt 0:00:42]} Ne1+ {[%emt 0:00:14]} 77. Kf1 {[%emt 0:00:18]} Kc5 {[%emt 0:02:41]} 78. Rd1 {[%emt 0:01:35]} Nxf3 {[%emt 0:00:09]} 79. h6 {[%emt 0:00:04]} Ne5 {[%emt 0:00:22]} 80. h7 {[%emt 0:00:08]} Nf7 {[%emt 0:01:37]} 81. Rd7 {[%emt 0:00:41]} Nh8 {[%emt 0:00:03]} 82. Rg7 {[%emt 0:00:50]} f3 {[%emt 0:01:11]} 83. Rg8 {[%emt 0:00:08]} Bd4 {[%emt 0:01:52]} 84. Rxg5+ {[%emt 0:00:06]} Kb6 {[%emt 0:00:16]} 85. Rg8 {[%emt 0:00:56]} Kc7 {[%emt 0:00:23]} 86. g5 {[%emt 0:01:01]} 1-0

[Event "69th RUS-ch Women Higher League 2019"]
[Site "Yaroslavl"]
[Date "2019.07.04"]
[Round "7.3"]
[White "Potapova, Margarita"]
[Black "Shuvalova, Polina"]
[Result "0-1"]
[WhiteElo "2256"]
[BlackElo "2418"]
[Annotator "NA"]
[PlyCount "78"]
[EventDate "2019.06.27"]
[EventType "swiss"]
[EventCountry "RUS"]
[SourceTitle "playchess.com"]
[Source "ChessBase"]
[SourceQuality "1"]
[TimeControl "40/5400+30:1800+30"]

1. d4 {[%emt 0:00:00]} Nf6 {[%emt 0:00:00]} 2. c4 {[%emt 0:00:00]} e6 {[%emt 0:00:00]} 3. Nf3 {[%emt 0:00:00]} b6 {[%emt 0:00:00]} 4. g3 {[%emt 0:00:05]} Bb7 {[%emt 0:02:25]} 5. Bg2 {[%emt 0:00:50]} Be7 {[%emt 0:00:12]} 6. O-O {[%emt 0:07:02]} O-O {[%emt 0:00:05]} 7. d5 {[%emt 0:00:43]} exd5 {[%emt 0:00:21]} 8. Nd4 {[%emt 0:00:13]} c6 {[%emt 0:11:56]} 9. cxd5 {[%emt 0:03:53]} cxd5 {[%emt 0:02:46]} 10. Nc3 {[%emt 0:03:22]} Na6 {[%emt 0:04:20]} 11. Nf5 {[%emt 0:04:30]} Nc7 {[%emt 0:01:41]} 12. b3 {[%emt 0:19:25]} Bc6 {[%emt 0:10:00]} 13. Bb2 {[%emt 0:02:18]} Re8 {[%emt 0:03:17]} 14. Qd2 {[%emt 0:06:08]} Bf8 {[%emt 0:01:11]} 15. Qg5 {[%emt 0:07:23]} Kh8 {[%emt 0:02:20]} 16. Na4 {[%emt 0:03:26]} Rxe2 {[%emt 0:19:03]} 17. Nh6 {[%emt 0:05:12]} Qe7 {[%emt 0:00:28]} 18. Nf5 {[%emt 0:02:20]} Qd8 {[%emt 0:00:03]} 19. Nh6 {[%emt 0:01:11]} Qe7 {[%emt 0:00:06]} 20. Nf5 {[%emt 0:00:05]} Ne6 {[%emt 0:03:14]} 21. Qc1 {[%emt 0:08:24]} Qd8 {[%emt 0:04:11]} 22. Bf3 {[%emt 0:02:02]} Rxb2 {[%emt 0:01:19]} 23. Qxb2 {[%emt 0:03:31]} b5 {[%emt 0:01:19]} 24. Nc3 {[%emt 0:00:58]} d4 {[%emt 0:00:10]} 25. Bxc6 {[%emt 0:02:40]} dxc3 {[%emt 0:00:17]} 26. Qxc3 {[%emt 0:00:08]} Rc8 {[%emt 0:02:36]} 27. Qe3 {[%emt 0:06:12]} Bc5 {[%emt 0:01:56]} 28. Qe2 {[%emt 0:03:27]} dxc6 {[%emt 0:00:25]} 29. Rfd1 {[%emt 0:00:31]} Nd5 {[%emt 0:01:46]} 30. Ne3 {[%emt 0:03:57]} Bxe3 {[%emt 0:01:32]} 31. fxe3 {[%emt 0:00:05]} Qb6 {[%emt 0:01:47]} 32. Rd3 {[%emt 0:00:40]} Re8 {[%emt 0:00:10]} 33. Kh1 {[%emt 0:00:52]} h6 {[%emt 0:01:42]} 34. Rad1 {[%emt 0:00:19]} Nc5 {[%emt 0:00:17]} 35. Rd4 {[%emt 0:00:39]} Nc3 {[%emt 0:00:25]} 36. Qf3 {[%emt 0:00:18]} Nxd1 {[%emt 0:00:45]} 37. Qxf7 {[%emt 0:00:05]} Rd8 {[%emt 0:00:59]} 38. Rg4 {[%emt 0:01:04]} Qb7 {[%emt 0:00:12]} 39. Qf4 {[%emt 0:01:24]} Nd3 {[%emt 0:00:19]} 0-1